| Tag |
First Indicator |
Second Indicator |
Subfields |
| LEADER |
00000cam a2200000 4500 |
| 001 |
in00000044646 |
| 005 |
20151007075045.0 |
| 008 |
790524s1936 enka 00000 engm |
| 010 |
|
|
|a agr36000863
|
| 035 |
|
|
|a (OCoLC)04999058
|
| 035 |
|
|
|9 AAF2560AM
|
| 040 |
|
|
|a DLC
|c LLU
|d LLU
|d TXA
|d UtOrBLW
|
| 049 |
|
|
|a TXAM
|c [336461]
|
| 050 |
0 |
0 |
|a SB235
|b .S
|
| 090 |
|
|
|a SB235
|b .S66 1936
|
| 092 |
|
|
|a 633.17
|b S674c, 1936
|
| 100 |
1 |
|
|a Snowden, Joseph Davenport.
|
| 245 |
1 |
4 |
|a The cultivated races of sorghum.
|
| 264 |
|
3 |
|a London :
|b Printed for the Trustees of the Bentham-Moxon Fund by Adlard,
|c 1936.
|
| 300 |
|
|
|a 273 pages :
|b illustrations
|
| 336 |
|
|
|a text
|b txt
|2 rdacontent
|
| 337 |
|
|
|a unmediated
|b n
|2 rdamedia
|
| 338 |
|
|
|a volume
|b nc
|2 rdacarrier
|
| 650 |
|
0 |
|a Sorghum.
|
| 999 |
|
|
|a MARS
|
| 999 |
f |
f |
|s f0ee2566-a505-347a-88fd-2cd452a97955
|i 039ae893-c08c-3bd1-8d18-fd2605562f2d
|t 0
|
| 952 |
f |
f |
|p ric
|a Texas A&M University
|b Rellis Campus
|c Joint Library Facility
|d Remote Storage
|t 0
|e SB235 .S66 1936
|h Library of Congress classification
|i unmediated -- volume
|m A14801072968
|
| 998 |
f |
f |
|a SB235 .S66 1936
|t 0
|l Remote Storage
|